Statistics for Countries With 2+ Words

Click here to take the quiz!

General Stats

  • This quiz has been taken 84 times
    (39 since last reset)
  • The average score is 27 of 37

Answer Stats

Answer% Correct
New Zealand
93%
South Africa
93%
United States of America
93%
United Kingdom
90%
North Korea
83%
Papua New Guinea
83%
Saint Kitts and Nevis
83%
Saudi Arabia
83%
South Korea
83%
Trinidad & Tobago
83%
Dominican Republic
80%
Saint Lucia
80%
San Marino
80%
South Sudan
80%
Antigua & Barbuda
77%
Saint Vincent and the Grenadines
77%
Timor-Leste
77%
United Arab Emirates
77%
Vatican City
73%
Federated States of Micronesia
70%
Republic of the Congo
70%
Solomon Islands
70%
Cape Verde
67%
Sao Tome and Principe
67%
Burkina Faso
63%
Costa Rica
63%
Cote d’Ivoire
63%
Equatorial Guinea
63%
Guinea-Bissau
63%
Bosnia & Herzegovina
60%
Marshall Islands
60%
Sri Lanka
60%
Central African Republic
57%
Democratic Republic of the Congo
57%
North Macedonia
57%
Czech Republic
53%
Sierra Leone
53%

Score Distribution

Percentile by Number Answered

Percent of People with Each Score

Your Score History

You have not taken this quiz since the last reset